Central Library OPAC University of Rajshahi
Normal view MARC view

Entry Topical Term

Number of records used in: 2

001 - CONTROL NUMBER

  • control field: 521

003 - CONTROL NUMBER IDENTIFIER

  • control field: BD-RjUL

005 - DATE AND TIME OF LATEST TRANSACTION

  • control field: 20220105114733.0

008 - FIXED-LENGTH DATA ELEMENTS

  • fixed length control field: 220105|| aca||aabn | a|a d

040 ## - CATALOGING SOURCE

  • Original cataloging agency: BD-RjUL
  • Transcribing agency: BD-RjUL

150 ## - HEADING--TOPICAL TERM

  • Topical term or geographic name entry element: বাংলাদেশ
  • General subdivision: ইতিহাস
  • General subdivision: মুক্তিযুদ্ধ,১৯৭১

670 ## - SOURCE DATA FOUND

  • Source citation: Work cat.: (BD-RjUL)79121: আকতার, মোসা. ছায়িদা 520, স্বাধীন বাংলাদেশের অভ্যুদয়ের ইতিহাস /, ২০২১